[Event "DBMM 2015 (XV.)"]
[Site "München"]
[Date "2015.10.22"]
[Round "1.4"]
[White "Rhein, Volker"]
[Black "Launert, Martin"]
[Result "1/2-1/2"]
[WhiteElo "1300"]
[BlackElo "1858"]
[PlyCount "43"]
[EventDate "2015.10.22"]
[EventType "swiss"]
[EventCountry "GER"]
[WhiteTeam "EKJ Herne und Wanne-Eickel 1"]
[BlackTeam "R+V Versicherungen Wiesbaden 1"]

1. e4 e5 2. Nf3 Nc6 3. Nc3 Nf6 4. a3 d6 5. Bc4 Be7 6. d3 O-O 7. Be3 Bg4 8. h3
Bh5 9. g4 Bg6 10. Qd2 a6 11. Nd5 Nd7 12. h4 h5 13. gxh5 Bxh5 14. Rh3 b5 15. Ba2
Bf6 16. O-O-O Nd4 17. Nxd4 exd4 18. Bg5 Bxd1 19. Nxf6+ Nxf6 20. Qxd1 Qd7 21.
Rg3 Ne8 22. f4 1/2-1/2

[Event "DBMM 2015 (XV.)"]
[Site "München"]
[Date "2015.10.22"]
[Round "1.1"]
[White "Capris, Marius"]
[Black "Heinrich, Thomas"]
[Result "0-1"]
[WhiteElo "1952"]
[BlackElo "2215"]
[PlyCount "80"]
[EventDate "2015.10.22"]
[EventType "swiss"]
[EventCountry "GER"]
[WhiteTeam "Fiducia IT 1"]
[BlackTeam "le-tex Publishing Services L. 1"]

1. d4 Nf6 2. Nf3 g6 3. c4 Bg7 4. Nc3 O-O 5. e3 d6 6. Be2 Nbd7 7. b4 a5 8. b5 e5
9. a4 Re8 10. O-O e4 11. Nd2 Nf8 12. Ba3 b6 13. Qc2 Bf5 14. c5 d5 15. Rfc1 Ne6
16. Nb3 Qd7 17. Qd1 h5 18. Rc2 Bg4 19. h3 Bxe2 20. Nxe2 Rac8 21. Rac1 Bf8 22.
Rc3 c6 23. Bb2 cxb5 24. c6 Qa7 25. axb5 Nc7 26. Nc5 Nxb5 27. Rb3 Nd6 28. Nd7
Nxd7 29. cxd7 Qxd7 30. Rxb6 Nc4 31. Rxc4 Rxc4 32. Nf4 Rb4 33. Rxb4 axb4 34. Qb3
Rd8 35. f3 Qf5 36. Kf2 h4 37. Qc2 Rc8 38. Qb3 exf3 39. Kxf3 Qe4+ 40. Kg4 Be7
0-1

[Event "DBMM 2015 (XV.)"]
[Site "München"]
[Date "2015.10.22"]
[Round "1.2"]
[White "Rohne, Lars"]
[Black "Kühn, Patrick"]
[Result "1-0"]
[WhiteElo "2145"]
[BlackElo "2206"]
[PlyCount "80"]
[EventDate "2015.10.22"]
[EventType "swiss"]
[EventCountry "GER"]
[WhiteTeam "le-tex Publishing Services L. 1"]
[BlackTeam "Fiducia IT 1"]

1. e4 e5 2. Nf3 Nc6 3. Bc4 d6 4. d3 g6 5. Bg5 f6 6. Be3 Na5 7. Nc3 Nxc4 8. dxc4
Be6 9. Qe2 Nh6 10. h3 Nf7 11. O-O-O Be7 12. Nd5 O-O 13. Nh2 f5 14. exf5 gxf5
15. f4 c6 16. Nxe7+ Qxe7 17. Nf3 a5 18. Bf2 e4 19. Nd4 Bd7 20. g4 Nh6 21. gxf5
c5 22. Rhg1+ Kh8 23. Qh5 Nxf5 24. Nxf5 Rxf5 25. Qh6 Qf6 26. Rxd6 Qxh6 27. Rxh6
Rg8 28. Rd1 Bc6 29. Be1 Kg7 30. Rh4 h5 31. Bxa5 Kf7 32. Bd8 e3 33. Bg5 e2 34.
Re1 Bf3 35. Kd2 Re8 36. Rc1 Kg6 37. Rg1 Rf7 38. Ke1 Rd7 39. f5+ Kf7 40. Bd2
Rxd2 1-0

[Event "DBMM 2015 (XV.)"]
[Site "München"]
[Date "2015.10.22"]
[Round "1.3"]
[White "Hofbauer, Bernhard"]
[Black "Schreiter, Thomas"]
[Result "1-0"]
[WhiteElo "1954"]
[BlackElo "2043"]
[PlyCount "52"]
[EventDate "2015.10.22"]
[EventType "swiss"]
[EventCountry "GER"]
[WhiteTeam "Fiducia IT 1"]
[BlackTeam "le-tex Publishing Services L. 1"]

1. e4 e6 2. d4 d5 3. Nd2 c5 4. exd5 Qxd5 5. Ngf3 cxd4 6. Bc4 Qc5 7. O-O Nc6 8.
Qe2 Nf6 9. Nb3 Qh5 10. Nbxd4 Nxd4 11. Nxd4 Qxe2 12. Bxe2 a6 13. Bf3 Bc5 14. Nb3
Bb6 15. Bf4 O-O 16. Rad1 a5 17. Bd6 Re8 18. Rfe1 a4 19. Nd4 Ra5 20. Bb4 Ra8 21.
Nb5 g5 22. g3 Rd8 23. Bc3 Nd5 24. Bxd5 exd5 25. Rxd5 h6 26. Rxd8+ Bxd8 1-0

[Event "DBMM 2015 (XV.)"]
[Site "München"]
[Date "2015.10.22"]
[Round "1.4"]
[White "Hartmann, Uwe"]
[Black "Strasser, Josef"]
[Result "1/2-1/2"]
[WhiteElo "1964"]
[BlackElo "1881"]
[PlyCount "102"]
[EventDate "2015.10.22"]
[EventType "swiss"]
[EventCountry "GER"]
[WhiteTeam "le-tex Publishing Services L. 1"]
[BlackTeam "Fiducia IT 1"]

1. e4 d5 2. exd5 Nf6 3. Nc3 Nxd5 4. d3 Nc6 5. Nf3 Bg4 6. Be2 e6 7. Bd2 Be7 8.
Ne4 Nf6 9. Bc3 O-O 10. O-O Nxe4 11. dxe4 Qxd1 12. Rfxd1 Rfd8 13. Kf1 a6 14. Ne5
Bxe2+ 15. Kxe2 Nxe5 16. Bxe5 Bd6 17. Bxd6 Rxd6 18. Rxd6 cxd6 19. Rd1 Rd8 20. e5
d5 21. c4 Kf8 22. cxd5 exd5 23. Ke3 Ke7 24. Rc1 Rd7 25. Kd4 h5 26. f4 g6 27.
Rc5 Ke6 28. a4 h4 29. b4 Kf5 30. g3 hxg3 31. hxg3 Kg4 32. Rc3 Kf5 33. b5 axb5
34. axb5 Ke6 35. g4 f6 36. Rc5 fxe5+ 37. fxe5 Rf7 38. Rxd5 Rf4+ 39. Kc5 Rxg4
40. Rd8 Kxe5 41. Re8+ Kf5 42. Re7 Rg1 43. Rxb7 g5 44. b6 g4 45. Rg7 Rb1 46. Kc6
Kf4 47. b7 g3 48. Kc7 Kf3 49. b8=Q Rxb8 50. Kxb8 Kf2 51. Rxg3 Kxg3 1/2-1/2

[Event "DBMM 2015 (XV.)"]
[Site "München"]
[Date "2015.10.22"]
[Round "1.1"]
[White "Lotzien, Hans"]
[Black "Schröder, Kai Uwe"]
[Result "1-0"]
[WhiteElo "2153"]
[BlackElo "1858"]
[PlyCount "47"]
[EventDate "2015.10.22"]
[EventType "swiss"]
[EventCountry "GER"]
[WhiteTeam "BM Ernährung Landwirtschaft Bonn"]
[BlackTeam "Transit Hühnerposten Hamburg 2"]

1. e4 e6 2. Qe2 Be7 3. f4 d5 4. d3 Nf6 5. e5 Nfd7 6. Nf3 c5 7. g3 Nc6 8. c3 a6
9. Bg2 b5 10. Be3 Bb7 11. O-O g6 12. Nbd2 Nb6 13. Nb3 Na4 14. Qf2 Qb6 15. a3
Rc8 16. h4 Na5 17. Nc1 Qd8 18. b4 cxb4 19. cxb4 Nc6 20. Nb3 Nb8 21. Rac1 Nd7
22. Rxc8 Qxc8 23. Rc1 Qd8 24. Na5 {Partie konnte nicht sinnvoll rekonstruiert werden} 1-0

[Event "DBMM 2015 (XV.)"]
[Site "München"]
[Date "2015.10.22"]
[Round "1.2"]
[White "Figger, Udo"]
[Black "Hemmann, Arnold"]
[Result "1/2-1/2"]
[WhiteElo "1906"]
[BlackElo "2180"]
[PlyCount "105"]
[EventDate "2015.10.22"]
[EventType "swiss"]
[EventCountry "GER"]
[WhiteTeam "Transit Hühnerposten Hamburg 2"]
[BlackTeam "BM Ernährung Landwirtschaft Bonn"]

1. Nc3 d5 2. e4 d4 3. Nce2 e5 4. Nf3 Nc6 5. Ng3 Be6 6. Bb5 f6 7. d3 Bb4+ 8. Bd2
Bxd2+ 9. Qxd2 Nge7 10. Nh4 a6 11. Ba4 Qd6 12. Nh5 O-O 13. Bb3 Bxb3 14. axb3 Qb4
15. f4 Qxd2+ 16. Kxd2 exf4 17. Nf5 g5 18. Nh6+ Kh8 19. Raf1 Ne5 20. h3 Rad8 21.
Ng4 Nxg4 22. hxg4 Ng6 23. g3 fxg3 24. Nxg3 Nf4 25. Rh6 Rf7 26. Rfh1 Rdd7 27.
Nf5 c5 28. Ra1 Ng6 29. Rh3 Nf4 30. Rg3 h5 31. gxh5 Nxh5 32. Rh1 Rh7 33. Rgh3
Nf4 34. Rxh7+ Rxh7 35. Rxh7+ Kxh7 36. Nd6 b6 37. Ke1 Kg6 38. Kf2 Kh5 39. Kf3
Ne6 40. Ne8 Kg6 41. Kg4 Nd8 42. Nc7 Nc6 43. Nxa6 Ne5+ 44. Kg3 f5 45. exf5+ Kxf5
46. Nc7 Nd7 47. Nb5 Nf6 48. Nd6+ Ke6 49. Nc4 Nd5 50. Kf3 Kf5 51. Nd6+ Ke6 52.
Ne4 g4+ 53. Kxg4 1/2-1/2

[Event "DBMM 2015 (XV.)"]
[Site "München"]
[Date "2015.10.22"]
[Round "1.3"]
[White "Bröhl, Stephan"]
[Black "Basteck, Reiner"]
[Result "1-0"]
[WhiteElo "2122"]
[BlackElo "1648"]
[PlyCount "59"]
[EventDate "2015.10.22"]
[EventType "swiss"]
[EventCountry "GER"]
[WhiteTeam "BM Ernährung Landwirtschaft Bonn"]
[BlackTeam "Transit Hühnerposten Hamburg 2"]

1. Nf3 d5 2. g3 Nf6 3. Bg2 c6 4. O-O Bg4 5. d3 Nbd7 6. Nbd2 e6 7. Qe1 Be7 8. e4
dxe4 9. dxe4 Qc7 10. e5 Nd5 11. a3 O-O 12. c4 N5b6 13. b3 Bf5 14. Qe3 Rad8 15.
b4 a6 16. Bb2 Nb8 17. Nd4 Bg6 18. c5 Nd5 19. Qe2 Nd7 20. Nc4 h6 21. f4 Kh8 22.
h4 b5 23. Nd6 Bxd6 24. cxd6 Qb6 25. Rac1 c5 26. bxc5 Nxc5 27. f5 Bh7 28. Kh2
Nd7 29. fxe6 fxe6 30. Nxe6 1-0

[Event "DBMM 2015 (XV.)"]
[Site "München"]
[Date "2015.10.22"]
[Round "1.1"]
[White "Ungerer, Markus"]
[Black "Gempe, Thomas"]
[Result "0-1"]
[WhiteElo "2131"]
[BlackElo "2210"]
[PlyCount "98"]
[EventDate "2015.10.22"]
[EventType "swiss"]
[EventCountry "GER"]
[WhiteTeam "Wüstenrot & Württembergische 1"]
[BlackTeam "ADAC München 1"]

1. e4 c5 2. Nf3 d6 3. Bb5+ Bd7 4. Bxd7+ Qxd7 5. O-O Nf6 6. Qe2 Nc6 7. c3 e6 8.
d4 cxd4 9. cxd4 d5 10. exd5 Nxd5 11. Nc3 Be7 12. Qe4 O-O 13. Bg5 Bxg5 14. Nxg5
Nf6 15. Qh4 Qxd4 16. Nce4 h6 17. Nxf6+ Qxf6 18. Nf3 Qxh4 19. Nxh4 Nd4 20. f4
Rfd8 21. Rf2 Rac8 22. Kf1 g5 23. fxg5 hxg5 24. Nf3 Nxf3 25. gxf3 Rd4 26. Re1
Rc6 27. Re5 f6 28. Rb5 b6 29. Kg2 Kf7 30. Kg3 Rc1 31. Rb3 Rg1+ 32. Rg2 Rxg2+
33. Kxg2 Rd2+ 34. Kg3 f5 35. h4 gxh4+ 36. Kxh4 Rg2 37. Kh3 Rg7 38. a4 Kf6 39.
Rb5 e5 40. a5 bxa5 41. Rxa5 f4 42. Kh2 Kf5 43. Ra4 Ke6 44. Ra5 Rg3 45. Rxa7
Rxf3 46. Kg2 Rb3 47. Ra2 Kf5 48. Kf2 Kg4 49. Ke2 e4 0-1

[Event "DBMM 2015 (XV.)"]
[Site "München"]
[Date "2015.10.22"]
[Round "1.2"]
[White "Haas, Peter"]
[Black "Peck, Malcolm"]
[Result "1-0"]
[WhiteElo "2076"]
[BlackElo "1677"]
[PlyCount "45"]
[EventDate "2015.10.22"]
[EventType "swiss"]
[EventCountry "GER"]
[WhiteTeam "ADAC München 1"]
[BlackTeam "Wüstenrot & Württembergische 1"]

1. e4 c5 2. Nf3 Nc6 3. Bb5 Na5 4. c3 a6 5. Ba4 b5 6. Bc2 d6 7. h3 Nf6 8. O-O e5
9. d4 cxd4 10. cxd4 exd4 11. Nxd4 Bb7 12. Nc3 b4 13. Ba4+ Nd7 14. Nd5 Be7 15.
Nf5 Bxd5 16. Nxg7+ Kf8 17. Bh6 Kg8 18. exd5 Bf6 19. Ne6 Qe7 20. Qg4+ Bg5 21.
Bxd7 f6 22. Nxg5 fxg5 23. Qe6+ 1-0

[Event "DBMM 2015 (XV.)"]
[Site "München"]
[Date "2015.10.22"]
[Round "1.3"]
[White "Uhlarz, Jörg"]
[Black "Budai, Zoltan"]
[Result "0-1"]
[WhiteElo "1676"]
[BlackElo "2043"]
[PlyCount "69"]
[EventDate "2015.10.22"]
[EventType "team-swiss"]
[EventCountry "GER"]
[WhiteTeam "Wüstenrot & Württembergische 1"]
[BlackTeam "ADAC München 1"]

1. d4 Nf6 2. c4 g6 3. Nc3 d5 4. Nf3 Bg7 5. g3 O-O 6. Bg2 dxc4 7. Ne5 c5 8. d5
Qd6 9. Nxc4 Qa6 10. Qb3 Bd7 11. O-O b5 12. Ne3 b4 13. Ne4 Nxe4 14. Bxe4 Ba4 15.
Qc4 Qxc4 16. Nxc4 f5 17. Bf3 Bb5 18. Na5 Nd7 19. Nc6 Kf7 20. Bf4 Bxb2 21. Rab1
Bf6 22. d6 e5 23. Bd5+ Kg7 24. Be3 a5 25. Rbc1 Ra6 26. f4 Bxc6 27. Be6 exf4 28.
gxf4 Re8 29. Bxd7 Bxd7 30. Kf2 Bh4+ 31. Kg2 Rxe3 32. Rxc5 Rxd6 33. Rfc1 Rd2 34.
Rc7 Kh6 0-1

[Event "DBMM 2015 (XV.)"]
[Site "München"]
[Date "2015.10.22"]
[Round "1.4"]
[White "Gempe, Anet"]
[Black "Nitsch, Norbert"]
[Result "1/2-1/2"]
[WhiteElo "2045"]
[BlackElo "1764"]
[PlyCount "62"]
[EventDate "2015.10.22"]
[EventType "swiss"]
[EventCountry "GER"]
[WhiteTeam "ADAC München 1"]
[BlackTeam "Wüstenrot & Württembergische 1"]

1. e4 c5 2. Nf3 d6 3. d4 cxd4 4. Nxd4 Nf6 5. Nc3 g6 6. Be2 Nc6 7. Be3 Bg7 8.
O-O a6 9. Qd2 Bd7 10. Rfd1 Rc8 11. f3 Ne5 12. Rac1 Nc4 13. Bxc4 Rxc4 14. Nce2
Rc8 15. Qb4 Qc7 16. Nb3 b5 17. Ned4 O-O 18. Qe1 Bc6 19. Nxc6 Qxc6 20. c3 Nd7
21. Qf2 Ne5 22. Bd4 Nc4 23. Bxg7 Kxg7 24. Nd4 Qc7 25. b3 Ne5 26. Ne2 Qa5 27.
Rc2 Kg8 28. Qe3 Kg7 29. Qd4 Kg8 30. Qe3 Kg7 31. Qd4 Kg8 1/2-1/2

[Event "DBMM 2015 (XV.)"]
[Site "München"]
[Date "2015.10.22"]
[Round "1.1"]
[White "Segerberg, Tomas"]
[Black "Santos, Paulo"]
[Result "1-0"]
[WhiteElo "2069"]
[BlackElo "1833"]
[PlyCount "67"]
[EventDate "2015.10.22"]
[EventType "swiss"]
[EventCountry "GER"]
[WhiteTeam "Europäisches Patentamt Mü. 2"]
[BlackTeam "Europäisches Patentamt Mü. 4"]

1. c4 Nf6 2. Nc3 d5 3. cxd5 Nxd5 4. Nf3 g6 5. Qb3 c6 6. e4 Nb6 7. d3 Bg7 8. Be3
N8d7 9. Be2 O-O 10. O-O Nf6 11. h3 Nbd7 12. Rfd1 b6 13. e5 Ne8 14. e6 fxe6 15.
Qxe6+ Kh8 16. Qxc6 Ba6 17. Ng5 Nc7 18. Qa4 Bb7 19. Qb3 Qe8 20. d4 Nf6 21. Bc4
h6 22. Nf7+ Kh7 23. Ne5 Ne4 24. Bf7 Rxf7 25. Qxf7 Qxf7 26. Nxf7 Nxc3 27. bxc3
Rc8 28. Ne5 Nd5 29. c4 Nc3 30. Rd3 Ne4 31. Rc1 Ba6 32. Ra3 Bxe5 33. dxe5 Bxc4
34. Rxa7 1-0

[Event "DBMM 2015 (XV.)"]
[Site "München"]
[Date "2015.10.22"]
[Round "1.2"]
[White "Hiltner, Karlpeter"]
[Black "Lichtenstern, Elmar"]
[Result "0-1"]
[WhiteElo "1805"]
[BlackElo "2081"]
[PlyCount "60"]
[EventDate "2015.10.22"]
[EventType "swiss"]
[EventCountry "GER"]
[WhiteTeam "Europäisches Patentamt Mü. 4"]
[BlackTeam "Europäisches Patentamt Mü. 2"]

1. c4 e5 2. Nc3 Nf6 3. e4 Bb4 4. a3 Bxc3 5. bxc3 O-O 6. Nf3 Nxe4 7. Bd3 Nf6 8.
Bb1 d6 9. h3 e4 10. Nd4 c5 11. Ne2 Nc6 12. O-O Ne5 13. Ng3 d5 14. cxd5 Qxd5 15.
Re1 Nd3 16. Bxd3 exd3 17. a4 Bd7 18. Ba3 b6 19. f3 Rfe8 20. Nf1 Qg5 21. Kh1 Nh5
22. Re3 Nf4 23. g3 Nxh3 24. Qe1 Qd5 25. Kh2 Ng5 26. Qf2 Bc6 27. c4 Nxf3+ 28.
Rxf3 Qxf3 29. Qxf3 Bxf3 30. Ne3 Rxe3 0-1

[Event "DBMM 2015 (XV.)"]
[Site "München"]
[Date "2015.10.22"]
[Round "1.1"]
[White "Bender, Gerhard"]
[Black "Gohil, Harry"]
[Result "0-1"]
[WhiteElo "2017"]
[BlackElo "2282"]
[PlyCount "76"]
[EventDate "2015.10.22"]
[EventType "swiss"]
[EventCountry "GER"]
[WhiteTeam "Deutsches Patent- und Markenamt"]
[BlackTeam "Commerzbank Frankfurt 1"]

1. e4 c5 2. Nf3 Nc6 3. Bb5 d6 4. O-O Bd7 5. Re1 g6 6. Nc3 Bg7 7. Bxc6 Bxc6 8.
e5 e6 9. d4 cxd4 10. Qxd4 dxe5 11. Qxd8+ Rxd8 12. Nxe5 Ne7 13. Nxc6 Nxc6 14.
Bg5 f6 15. Bf4 Kf7 16. Rad1 e5 17. Be3 Ke6 18. Nb5 a6 19. Nc7+ Kf7 20. c3 Rxd1
21. Rxd1 Rd8 22. Rxd8 Nxd8 23. b4 Bf8 24. Bb6 Ne6 25. Kf1 Nxc7 26. Bxc7 Ke6 27.
Ke2 Kd5 28. Kd3 e4+ 29. Kd2 Bh6+ 30. Kc2 Kc4 31. Bd8 Bg7 32. f3 f5 33. Bg5 Bxc3
34. a3 Bd4 35. Bd2 Bf2 36. Kd1 Kd3 37. a4 e3 38. Be1 e2+ 0-1

[Event "DBMM 2015 (XV.)"]
[Site "München"]
[Date "2015.10.22"]
[Round "1.2"]
[White "Fischer, Alexander"]
[Black "Richter, Otto"]
[Result "1-0"]
[WhiteElo "2043"]
[BlackElo "1800"]
[PlyCount "69"]
[EventDate "2015.10.22"]
[EventType "swiss"]
[EventCountry "GER"]
[WhiteTeam "Commerzbank Frankfurt 1"]
[BlackTeam "Deutsches Patent- und Markenamt"]

1. d4 d5 2. c4 e6 3. Nc3 Nf6 4. cxd5 exd5 5. e3 c6 6. Bd3 Bb4 7. Nge2 O-O 8.
O-O Bg4 9. f3 Bh5 10. Qb3 Qe7 11. Nf4 Bg6 12. Nxg6 hxg6 13. Bd2 Kh7 14. Rae1
Ba5 15. Nxd5 cxd5 16. Bxa5 Nc6 17. Bc3 Rae8 18. e4 dxe4 19. fxe4 Qd7 20. d5 Qd6
21. Bxf6 Na5 22. Qb5 gxf6 23. Qxa5 Kg7 24. Qxa7 Rh8 25. g3 b6 26. Qa3 Qe5 27.
Qc3 Qg5 28. Re2 Rh3 29. Ref2 Rxg3+ 30. hxg3 Qxg3+ 31. Rg2 Qe3+ 32. Rff2 Re5 33.
Bb1 Qh6 34. Qd2 Qh3 35. Qf4 1-0

[Event "DBMM 2015 (XV.)"]
[Site "München"]
[Date "2015.10.22"]
[Round "1.3"]
[White "Milak, Adela"]
[Black "Lutterbey, Ralf"]
[Result "0-1"]
[WhiteElo "1658"]
[BlackElo "1882"]
[PlyCount "76"]
[EventDate "2015.10.22"]
[EventType "swiss"]
[EventCountry "GER"]
[WhiteTeam "Deutsches Patent- und Markenamt"]
[BlackTeam "Commerzbank Frankfurt 1"]

1. Nf3 d5 2. g3 c5 3. Bg2 Nc6 4. Nc3 Nf6 5. O-O g6 6. b3 Bg7 7. Bb2 Ne4 8. Na4
Bxb2 9. Nxb2 e6 10. Na4 b5 11. Nc3 Nxc3 12. dxc3 Bd7 13. Qd3 c4 14. Qe3 O-O 15.
Qh6 Qf6 16. Qe3 Rfc8 17. Rad1 a5 18. bxc4 bxc4 19. Nd2 Ne7 20. g4 Rab8 21. Qa7
Ba4 22. Rb1 Ra8 23. Qe3 Bxc2 24. Rb2 Ba4 25. Rb7 Bc6 26. g5 Nf5 27. Qf4 Qxc3
28. Rb6 Qd4 29. Qxd4 Nxd4 30. e3 Ne2+ 31. Kh1 c3 32. Nb3 Rab8 33. Ra6 a4 34.
Nc1 Bb5 35. Rxa4 Bxa4 36. Nxe2 Bb5 37. Bf3 Bxe2 38. Bxe2 c2 0-1

[Event "DBMM 2015 (XV.)"]
[Site "München"]
[Date "2015.10.22"]
[Round "1.4"]
[White "Brauer, Frank"]
[Black "Hajduk, Michael"]
[Result "1-0"]
[WhiteElo "1861"]
[BlackElo "1800"]
[PlyCount "53"]
[EventDate "2015.10.22"]
[EventType "swiss"]
[EventCountry "GER"]
[WhiteTeam "Commerzbank Frankfurt 1"]
[BlackTeam "Deutsches Patent- und Markenamt"]

1. e4 c5 2. c3 d5 3. exd5 Qxd5 4. d4 e6 5. Nf3 Nf6 6. Be3 Ng4 7. Nbd2 Nxe3 8.
fxe3 Be7 9. Bc4 Qd8 10. O-O O-O 11. e4 Nc6 12. Nb3 cxd4 13. cxd4 Na5 14. Nxa5
Qxa5 15. a3 b5 16. b4 Qb6 17. Bb3 Bb7 18. Qd3 Rad8 19. Kh1 Bf6 20. Rad1 Rd7 21.
d5 exd5 22. exd5 a6 23. Qf5 Rd6 24. Ng5 g6 25. Qf4 h6 26. Ne4 Bxd5 27. Rxd5 1-0

[Event "DBMM 2015 (XV.)"]
[Site "München"]
[Date "2015.10.22"]
[Round "1.1"]
[White "Daurer, Walter"]
[Black "Scharrer, Udo"]
[Result "1/2-1/2"]
[WhiteElo "2007"]
[BlackElo "1974"]
[PlyCount "82"]
[EventDate "2015.10.22"]
[EventType "swiss"]
[EventCountry "GER"]
[WhiteTeam "Bayerische Landesbank 2"]
[BlackTeam "SG Stern Stuttgart 1"]

1. e4 c5 2. Nf3 Nc6 3. d4 cxd4 4. Nxd4 Nf6 5. Nc3 e5 6. Ndb5 d6 7. Bg5 a6 8.
Na3 b5 9. Nd5 Be7 10. Bxf6 Bxf6 11. c3 O-O 12. Nc2 Bg5 13. a4 bxa4 14. Rxa4 a5
15. b4 Be6 16. b5 Ne7 17. Bc4 Nxd5 18. Bxd5 Bxd5 19. Qxd5 Rc8 20. c4 Rc5 21.
Qd3 Qc7 22. O-O Rc8 23. Na3 Bd8 24. Rd1 Be7 25. Qd2 Ra8 26. h3 h6 27. g3 Bf8
28. Kh2 Be7 29. Rb1 Qb6 30. h4 Bd8 31. Nc2 Rac8 32. Ne3 Qb8 33. Qd3 Bb6 34. Rd1
Rd8 35. Nd5 Kf8 36. Ne3 Bc7 37. Nd5 Bb6 38. Kg2 Qb7 39. Rda1 Rdc8 40. Rd1 Rd8
41. f3 Rdc8 1/2-1/2

[Event "DBMM 2015 (XV.)"]
[Site "München"]
[Date "2015.10.22"]
[Round "1.2"]
[White "Bangert, Udo"]
[Black "Reichardt, Peter"]
[Result "0-1"]
[WhiteElo "1904"]
[BlackElo "1941"]
[PlyCount "104"]
[EventDate "2015.10.22"]
[EventType "swiss"]
[EventCountry "GER"]
[WhiteTeam "SG Stern Stuttgart 1"]
[BlackTeam "Bayerische Landesbank 2"]

1. e4 e6 2. d4 d5 3. Nc3 Nf6 4. Bg5 Bb4 5. e5 h6 6. Bd2 Bxc3 7. bxc3 Ne4 8. Nf3
c5 9. Be2 Nc6 10. O-O O-O 11. Qe1 Nxd2 12. Qxd2 Qa5 13. Rfd1 b6 14. Qd3 Bd7 15.
Rdb1 Ne7 16. a4 c4 17. Qd2 Bxa4 18. h4 b5 19. h5 Qd8 20. g4 a5 21. g5 Nf5 22.
Kh2 Kh7 23. Rg1 Qe7 24. Rg4 Rg8 25. Rag1 b4 26. Nh4 b3 27. g6+ Kh8 28. gxf7
Qxf7 29. Ng6+ Kh7 30. cxb3 Bxb3 31. Bd1 a4 32. Bc2 Bxc2 33. Qxc2 a3 34. Nf4 Ra7
35. Rg6 Kh8 36. Rxe6 Rb7 37. Rb1 Rgb8 38. Rxb7 Rxb7 39. Qa4 Ra7 40. Qc6 Ne7 41.
Rxe7 Qxf4+ 42. Kg2 Qg5+ 43. Kf1 Qxe7 44. Qc8+ Kh7 45. Qf5+ Kg8 46. Qc8+ Qf8 47.
Qe6+ Qf7 48. Qc8+ Kh7 49. e6 Qe7 50. Qc6 a2 51. Qxd5 a1=Q+ 52. Kg2 Qg5+ 0-1

[Event "DBMM 2015 (XV.)"]
[Site "München"]
[Date "2015.10.22"]
[Round "1.3"]
[White "Wolf, Martin"]
[Black "Pillath, Marcus"]
[Result "1-0"]
[WhiteElo "1982"]
[BlackElo "1631"]
[PlyCount "77"]
[EventDate "2015.10.22"]
[EventType "swiss"]
[EventCountry "GER"]
[WhiteTeam "Bayerische Landesbank 2"]
[BlackTeam "SG Stern Stuttgart 1"]

1. d4 c6 2. e4 d5 3. e5 Bf5 4. Bd3 Bxd3 5. Qxd3 e6 6. Ne2 Qa5+ 7. c3 Qa6 8.
Qxa6 Nxa6 9. O-O Ne7 10. Be3 Ng6 11. Nd2 Be7 12. Rac1 O-O 13. g3 h6 14. f4 c5
15. a3 Rac8 16. Nf3 c4 17. Kg2 Nb8 18. h4 Rfe8 19. Kh3 Nd7 20. g4 Nb6 21. Ng3
Na4 22. Rc2 Nb6 23. f5 exf5 24. gxf5 Nf8 25. Rg1 Kh7 26. h5 Rc6 27. Bc1 Nfd7
28. Rcg2 Rg8 29. Ne2 Rcc8 30. Nf4 a6 31. e6 fxe6 32. Nxe6 Bf6 33. Bf4 Na4 34.
Be5 b5 35. Bxf6 Nxf6 36. Rxg7+ Rxg7 37. Rxg7+ Kh8 38. Ne5 Rf8 39. Ng6# 1-0

[Event "DBMM 2015 (XV.)"]
[Site "München"]
[Date "2015.10.22"]
[Round "1.4"]
[White "Molzan, Andreas"]
[Black "Meier, Wolfgang"]
[Result "1/2-1/2"]
[WhiteElo "1255"]
[BlackElo "1971"]
[PlyCount "41"]
[EventDate "2015.10.22"]
[EventType "swiss"]
[EventCountry "GER"]
[WhiteTeam "SG Stern Stuttgart 1"]
[BlackTeam "Bayerische Landesbank 2"]

1. e4 c6 2. Nf3 d5 3. exd5 cxd5 4. d4 Bg4 5. Nc3 e6 6. a3 Nc6 7. Be3 Nf6 8. Qd2
Be7 9. h3 Bh5 10. Bd3 Bxf3 11. gxf3 e5 12. Bb5 exd4 13. Bxd4 O-O 14. Bxc6 bxc6
15. Be3 Rb8 16. O-O-O Qa5 17. Nb1 Qxd2+ 18. Nxd2 Rb7 19. Rdg1 Rfb8 20. Bf4 Re8
21. Bg5 1/2-1/2

[Event "DBMM 2015 (XV.)"]
[Site "München"]
[Date "2015.10.22"]
[Round "1.1"]
[White "Baudrexel, Peter"]
[Black "Jachs, Walter"]
[Result "1/2-1/2"]
[WhiteElo "1841"]
[BlackElo "2003"]
[PlyCount "70"]
[EventDate "2015.10.22"]
[EventType "team-swiss"]
[EventCountry "GER"]
[WhiteTeam "ADAC München 2"]
[BlackTeam "Europäisches Patentamt Mü. 3"]

1. d4 Nf6 2. Nf3 g6 3. c4 Bg7 4. Nc3 d5 5. e3 O-O 6. Be2 c5 7. O-O dxc4 8. Bxc4
Nc6 9. a3 cxd4 10. Nxd4 Nxd4 11. Qxd4 Qxd4 12. exd4 Rd8 13. Be3 b6 14. Rac1 Bb7
15. Nb5 Rd7 16. f3 Nd5 17. Bxd5 Bxd5 18. Rfe1 Bb7 19. Rc2 a6 20. Nc3 Rc8 21.
Rd2 b5 22. Ne4 Bxe4 23. fxe4 Rc4 24. e5 e6 25. Rf2 h5 26. Ref1 Bf8 27. h3 a5
28. g4 hxg4 29. hxg4 Rdc7 30. Kg2 a4 31. Kg3 Rc2 32. Kf3 b4 33. axb4 Bxb4 34.
Ke4 R2c4 35. Rh1 Rc2 1/2-1/2

[Event "DBMM 2015 (XV.)"]
[Site "München"]
[Date "2015.10.22"]
[Round "1.2"]
[White "Brendemühl, Bernd"]
[Black "Weidl, Robert"]
[Result "1-0"]
[WhiteElo "1858"]
[BlackElo "1875"]
[PlyCount "61"]
[EventDate "2015.10.22"]
[EventType "swiss"]
[EventCountry "GER"]
[WhiteTeam "Europäisches Patentamt Mü. 3"]
[BlackTeam "ADAC München 2"]

1. e4 c5 2. Nf3 d6 3. d4 cxd4 4. Nxd4 Nf6 5. Nc3 g6 6. Be3 Bg7 7. f3 O-O 8. Qd2
Nc6 9. O-O-O Bd7 10. g4 a6 11. h4 Rc8 12. Kb1 b5 13. h5 Ne5 14. Bh6 Rxc3 15.
Bxg7 Kxg7 16. Qxc3 Qb6 17. hxg6 fxg6 18. Qd2 Rh8 19. Qh6+ Kg8 20. Be2 Nf7 21.
Qd2 Qc5 22. Nb3 Qa7 23. g5 Nh5 24. Rhg1 Qf2 25. Rdf1 Qh2 26. Bd1 Qe5 27. f4 Qg7
28. f5 Ne5 29. f6 exf6 30. gxf6 Nc4 31. Qd5+ 1-0

[Event "DBMM 2015 (XV.)"]
[Site "München"]
[Date "2015.10.22"]
[Round "1.3"]
[White "Obermeier, Karlheinz"]
[Black "Bumes, Konrad"]
[Result "0-1"]
[WhiteElo "1522"]
[BlackElo "2022"]
[PlyCount "68"]
[EventDate "2015.10.22"]
[EventType "swiss"]
[EventCountry "GER"]
[WhiteTeam "ADAC München 2"]
[BlackTeam "Europäisches Patentamt Mü. 3"]

1. e4 c6 2. d4 d5 3. Nc3 dxe4 4. Nxe4 Bf5 5. Nc3 Nf6 6. Nf3 e6 7. Be2 Nbd7 8.
Bf4 Be7 9. O-O O-O 10. Nh4 Bg6 11. Nxg6 hxg6 12. Bf3 Nd5 13. Nxd5 exd5 14. Re1
Nf6 15. Qd3 Bd6 16. Bg5 Qc7 17. h3 Rfe8 18. c4 dxc4 19. Qxc4 Rxe1+ 20. Rxe1 Qa5
21. Qc1 Qxa2 22. Be3 a5 23. Qc2 a4 24. Rb1 Nd5 25. Bxd5 Qxd5 26. Ra1 a3 27.
bxa3 Rxa3 28. Rxa3 Bxa3 29. Qa4 Bf8 30. Qa8 b5 31. Qb8 b4 32. Bf4 Qxd4 33. Be5
Qd5 34. Bb2 c5 0-1

[Event "DBMM 2015 (XV.)"]
[Site "München"]
[Date "2015.10.22"]
[Round "1.1"]
[White "Hein, Ralf"]
[Black "Hähnle, Bernd"]
[Result "0-1"]
[WhiteElo "2040"]
[BlackElo "1959"]
[PlyCount "30"]
[EventDate "2015.10.22"]
[EventType "swiss"]
[EventCountry "GER"]
[WhiteTeam "Baubehörde Hamburg 1"]
[BlackTeam "Kreissparkasse Heilbronn 1"]

1. c4 c6 2. Nc3 d5 3. cxd5 cxd5 4. d4 Nc6 5. Nf3 Nf6 6. e3 a6 7. Bd3 Bg4 8. h3
Bh5 9. a3 e6 10. Bd2 Bd6 11. Rc1 O-O 12. g4 Bg6 13. Bxg6 fxg6 14. Na4 Ne4 15.
O-O Rxf3 0-1